000 00951nam a2200241 i 4500
001 154381
003 ES-MaACL
005 20250708063328.0
008 040707e1846 xxuaf |||| | eng d
040 _aCAM
_bspa
_cCAM
080 _a821.111-31"17"
100 1 _aGoldsmith, Oliver,
_d1730-1774
_eaut
_957689
245 1 4 _aThe vicar of Wakefield :
_ba tale /
_cby Oliver Goldsmith ; with an account of the author's life and writings by J. Aikin
260 _aNew York :
_bD. Appleton & Co. ;
_aPhiladelphia :
_bGeorge S. Appleton,
_c1846
300 _a284 páginas, [1] hoja de lámina :
_bilustraciones ;
_c19 cm.
600 1 4 _957690
_aGoldsmith, Oliver,
_d1730-1774-
_xBiografías
650 7 _2embne
_9175847
_aCuentos
700 1 _aAikin, John,
_d1747-1822
_eclb
_9125568
852 _aES-MaACL
_cSVI
_hLegado de Modesto de la Fuente
_jD-3688
942 _2udc
_cMONANT
_n0
999 _c154381
_d154381